| Tag |
First Indicator |
Second Indicator |
Subfields |
| LEADER |
00000cam a2200000Ki 4500 |
| 001 |
in00003553097 |
| 006 |
m o d |
| 007 |
cr cnu---unuuu |
| 008 |
140711s1985 nyua ob 001 0 eng d |
| 005 |
20260421163655.1 |
| 020 |
|
|
|a 9781489936479 (electronic bk.)
|
| 020 |
|
|
|a 1489936475 (electronic bk.)
|
| 020 |
|
|
|z 0306415607
|
| 020 |
|
|
|z 9780306415609
|
| 024 |
7 |
|
|a 10.1007/978-1-4899-3647-9
|2 doi
|
| 035 |
|
|
|a (OCoLC)883391288
|
| 040 |
|
|
|a GW5XE
|b eng
|e rda
|e pn
|c GW5XE
|d UtOrBLW
|
| 049 |
|
|
|a TXAM
|
| 050 |
|
4 |
|a QL737.P9
|b S59 1985eb
|
| 060 |
1 |
4 |
|a QL 737.P9
|b S625 1985
|
| 082 |
0 |
4 |
|a 599.8
|2 22
|
| 245 |
0 |
0 |
|a Size and scaling in primate biology /
|c edited by William L. Jungers.
|
| 264 |
|
1 |
|a New York :
|b Plenum Press,
|c [1985]
|
| 264 |
|
4 |
|c ©1985
|
| 300 |
|
|
|a 1 online resource (xiv, 491 pages) :
|b illustrations.
|
| 336 |
|
|
|a text
|b txt
|2 rdacontent
|
| 337 |
|
|
|a computer
|b c
|2 rdamedia
|
| 338 |
|
|
|a online resource
|b cr
|2 rdacarrier
|
| 490 |
1 |
|
|a Advances in primatology
|
| 504 |
|
|
|a Includes bibliographies and indexes.
|
| 505 |
0 |
|
|a I. Size and Adaptation in Primates / John G. Fleagle -- Genetic and Evolutionary Aspects of Allometry / Russell Lande -- Sexual Dimorphism in Primates: The Effects of Size / Walter Leutenegger and James M. Cheverud -- Size, Sexual Dimorphism, and Polygyny in Primates / T.H. Clutton-Brock -- Gastrointestinal Allometry in Primates and Other Mammals / R.D. Martin, D.J. Chivers, A.M. MacLarnon, C.M. Hladik -- Organ Weight Scaling in Primates / Susan G. Larson -- Allometric Considerations of the Adult Mammalian Brain, with Special Emphasis on Primates / Este Armstrong -- Brain Size Allometry: Ontogeny and Phylogeny / R.D. Martin and Paul H. Harvey -- Ontogenetic Allometry and Scaling: A Discussion Based on the Growth and Form of the Skull in African Apes / Brian T. Shea -- Modeling Differences in Cranial Form, with Examples from Primates / Fred L. Bookstein -- Ontogenetic Allometry of the Skull and Dentition of the Rhesus Monkey (Macaca mulatta) / Larry R. Cochard -- Allometric Scaling in the Dentition of Primates and Insectivores / Philip D. Gingerich and B. Holly Smith -- Tooth Size -- Body Size Scaling in a Human Population: Theory and Practice of an Allometric Analysis / Milford H. Wolpoff -- Comparative Energetics and Mechanics of Locomotion: How Do Primates Fit In? / Norman C. Heglund -- Body Size and Limb Design in Primates and Other Mammals / R. McNeill Alexander -- Body Size and Scaling of Limb Proportions in Primates / William L. Jungers -- Influence of Size and Proportions on the Biomechanics of Brachiation / Holger Preuschoft and Brigitte Demes -- Intraspecific, Interspecific, Metabolic, and Phylogenetic Scaling in Platyrrhine Primates / Susan M. Ford and Robert S. Corruccini -- The Present as a Key to the Past: Body Weight of Miocene Hominoids as a Test of Allometric Methods for Paleontological Inference / Richard J. Smith -- Allometric Perspectives on Fossil Catarrhine Morphology / Karen Steudel
|
| 588 |
|
|
|a Description based on print version record.
|
| 650 |
|
0 |
|a Primates
|x Size.
|
| 650 |
|
0 |
|a Allometry.
|
| 650 |
|
0 |
|a Mammals
|x Size.
|
| 650 |
|
7 |
|a Primatas (biologia)
|2 larpcal
|
| 650 |
|
6 |
|a Primates
|x Taille.
|
| 650 |
|
6 |
|a Allométrie.
|
| 650 |
|
6 |
|a Mammifères
|x Taille.
|
| 650 |
|
2 |
|a Anatomy, Comparative.
|
| 650 |
|
2 |
|a Anthropology, Physical.
|
| 650 |
|
2 |
|a Anthropometry
|x methods.
|
| 650 |
|
2 |
|a Primates
|x anatomy & histology.
|
| 650 |
0 |
7 |
|a Primaten.
|2 swd
|
| 650 |
0 |
7 |
|a Allometrie.
|2 swd
|
| 650 |
0 |
7 |
|a Aufsatzsammlung.
|2 swd
|
| 650 |
|
4 |
|a Primates.
|
| 650 |
|
4 |
|a Mammals.
|
| 650 |
|
7 |
|a Allometry.
|2 fast
|0 (OCoLC)fst00805674
|
| 650 |
|
7 |
|a Mammals
|x Size.
|2 fast
|0 (OCoLC)fst01007012
|
| 650 |
|
7 |
|a Primates
|x Size.
|2 fast
|0 (OCoLC)fst01076400
|
| 655 |
|
7 |
|a Electronic books.
|2 local
|
| 700 |
1 |
|
|a Jungers, William L.,
|d 1948-
|
| 710 |
2 |
|
|a SpringerLink (Online service)
|
| 776 |
1 |
8 |
|i Print version:
|t Size and scaling in primate biology
|z 0306415607
|w (DLC) 84016099
|w (OCoLC)11067174
|
| 830 |
|
0 |
|a Advances in primatology (Plenum Press)
|
| 856 |
4 |
0 |
|u http://proxy.library.tamu.edu/login?url=https://link.springer.com/10.1007/978-1-4899-3647-9
|z Connect to the full text of this electronic book
|t 0
|
| 994 |
|
|
|a 92
|b TXA
|
| 999 |
|
|
|a MARS
|
| 999 |
f |
f |
|s 25c41982-08e8-36de-af96-bdb9ec10e521
|i 7c0c57de-6999-3d7e-af4d-0fb56f3d4e5e
|t 0
|
| 952 |
f |
f |
|a Texas A&M University
|b College Station
|c Electronic Resources
|s www_evans
|d Available Online
|t 0
|e QL737.P9 S59 1985eb
|h Library of Congress classification
|
| 998 |
f |
f |
|a QL737.P9 S59 1985eb
|t 0
|l Available Online
|